| 000 | 00549nac a22001691u 4500 | ||
|---|---|---|---|
| 008 | 100907s2004 ii ill |r|||| 001 0 eng d | ||
| 020 | _a8122413862 | ||
| 082 |
_a620.106 _bDUR _222 |
||
| 100 |
_aDurgaiah, D. Rama. _918730 |
||
| 245 |
_aFluid Mechanics and Machinery / _cD. Rama. Durgaiah |
||
| 250 | _aDurgaiah | ||
| 260 |
_aNew Delhi : _b New Age International, _cc2004. |
||
| 300 |
_a884 p. : _bill. ; _c24 cm. |
||
| 504 | _aIncludes bibliographical references and index. | ||
| 650 |
_aFluid dynamics. _918731 |
||
| 942 |
_cBB _k620.106DUR _2ddc |
||
| 999 |
_c805 _d805 |
||